Suomen pitkäaikaisimmat kansanedustajat - Statistics

Yleistilastot
  • Tätä visaa on pelattu 31 kertaa
  • Keskiarvotulos 7 / 77
Vastaustilastot
Edustaja % Oikein
Ben Zyskowicz
62%
Ilkka Kanerva
55%
Johannes Virolainen
55%
Paavo Väyrynen
55%
Matti Vanhanen
45%
Erkki Tuomioja
34%
Päivi Räsänen
31%
Timo Kalli
31%
Karl-August Fagerholm
24%
Veikko Vennnamo
24%
Mauri Pekkarinen
21%
Pertti Salolainen
21%
Väinö Tanner
21%
Esko-Juhani Tennilä
17%
Johannes Koskinen
17%
Kyösti Kallio
17%
Hilma Koivulahti-Lehto
14%
Kimmo Sasi
14%
Miina Sillanpää
14%
Seppo Kääriäinen
14%
Sirkka-Liisa Anttila
14%
V.J. Sukselainen
14%
Juho Niukkanen
10%
Tarja Filatov
10%
Toimi Kankaanniemi
10%
Kalle Lohi
7%
Liisa Jaakonsaari
7%
Matti Ahde
7%
Onni Hiltunen
7%
Paavo Virkkunen
7%
Tuure Junnila
7%
Antti Kalliomäki
3%
Antti Kukkonen
3%
Arvo Ahonen
3%
Eino Uusitalo
3%
Jouko Skinnari
3%
Jukka Gustafsson
3%
Onni Peltonen
3%
Pia Viitanen
3%
Veikko Helle
3%
Viljo Rantala
3%
Aino Lehtokoski
0%
Aino Malkamäki
0%
Albin Koponen
0%
Albin Wickman
0%
Edvard Pesonen
0%
Eino Raunio
0%
Emil Hästbacka
0%
Emil Luukka
0%
Ernst Estlander
0%
Ernst von Born
0%
Henrik Westerlund
0%
Irma Rosnell
0%
Janne Koivuranta
0%
John Östreholm
0%
Juhani Leppälä
0%
Jussi Tolonen
0%
Kaisa Hiilelä
0%
Kalle Hakala
0%
Kari Rajamäki
0%
Kyllikki Pohjala
0%
Levi Jern
0%
Matti Lahtela
0%
Matti Lepistö
0%
Matti Miikki
0%
Matti Paasivuori
0%
Meeri Kalavainen
0%
Pauli Puhakka
0%
Pekka Pennanen
0%
Pentti Mäki-Hakola
0%
Urho Kulovaara
0%
Väinö Hakkila
0%
Väinö Voionmaa
0%
Valfrid Eskola
0%
Vihtori Vesterinen
0%
Viljami Kalliokoski
0%
Yrjö Welling
0%
Ehtoja vastaavia visoja ei löytynyt
Tulosjakauma
Jokaisen tuloksen saaneiden osuus
Persentiili vastausten määrän mukaan
Tuloshistoriasi
Et ole pelannut tätä visaa